Construction law / (Record no. 43762)

MARC details
001 - CONTROL NUMBER
control field 000
003 - CONTROL NUMBER IDENTIFIER
control field 000
005 - DATE AND TIME OF LATEST TRANSACTION
control field 20251014161012.0
020 ## - INTERNATIONAL STANDARD BOOK NUMBER
International Standard Book Number 9781032462325
040 ## - CATALOGING SOURCE
Original cataloging agency DLC
Language of cataloging eng
Transcribing agency DLC
Description conventions rda
Modifying agency DLC
042 ## - AUTHENTICATION CODE
Authentication code pcc
043 ## - GEOGRAPHIC AREA CODE
Geographic area code e-uk-en
-- u-at---
050 00 - LIBRARY OF CONGRESS CALL NUMBER
Classification number K 891 .M37
100 1# - MAIN ENTRY--PERSONAL NAME
Personal name Mason, Jim
Relator term author.
245 10 - TITLE STATEMENT
Title Construction law /
Statement of responsibility, etc Jim Mason
Remainder of title From Beginner to Practitioner
250 ## - EDITION STATEMENT
Edition statement Second edition.
264 #1 - PUBLICATION, DISTRIBUTION, ETC. (IMPRINT)
Place of publication, distribution, etc London :
Name of publisher, distributor, etc Routledge,
Date of publication, distribution, etc 2023.
300 ## - PHYSICAL DESCRIPTION
Extent xxv, 324p.
336 ## - CONTENT TYPE
Content type term text
Content type code txt
Source rdacontent
337 ## - MEDIA TYPE
Media type term unmediated
Media type code n
Source rdamedia
338 ## - CARRIER TYPE
Carrier type term volume
Carrier type code nc
Source rdacarrier
504 ## - BIBLIOGRAPHY, ETC. NOTE
Bibliography, etc Includes indexes.
505 0# - FORMATTED CONTENTS NOTE
Formatted contents note volume I. The legal and commercial frameworks -- Contract formation -- Contract terms -- Procurement -- Contract administration -- Price and payment -- Variations -- volume II. The site -- Breach of contract and termination -- Negligence -- Time -- Damages -- Defects -- Consultants -- Intellectual property -- Insurance -- volume III. Statutory regulation of work -- Home building contracts -- Subcontracts, assignment, novation, waiver and estoppel -- Employment, health and safety -- Bankruptcy and insolvency -- Dispute resolution -- Statutory adjudication -- Arbitration -- Litigation.
650 #0 - SUBJECT ADDED ENTRY--TOPICAL TERM
Topical term or geographic name as entry element Construction contracts
650 #0 - SUBJECT ADDED ENTRY--TOPICAL TERM
Topical term or geographic name as entry element Construction industry
General subdivision Law and legislation
650 #0 - SUBJECT ADDED ENTRY--TOPICAL TERM
Topical term or geographic name as entry element Construction contracts
650 #0 - SUBJECT ADDED ENTRY--TOPICAL TERM
Topical term or geographic name as entry element Construction industry
General subdivision Law and legislation
906 ## - LOCAL DATA ELEMENT F, LDF (RLIN)
a 7
b cbc
c orignew
d 1
e ecip
f 20
g y-gencatlg
942 ## - ADDED ENTRY ELEMENTS (KOHA)
Source of classification or shelving scheme Library of Congress Classification
Koha item type Books
Holdings
Withdrawn status Lost status Source of classification or shelving scheme Damaged status Not for loan Permanent Location Current Location Date acquired Total Checkouts Full call number Barcode Date last seen Price effective from Koha item type
    Library of Congress Classification     NILE UNIVERSITY OF NIGERIA - MAIN LIBRARY NILE UNIVERSITY OF NIGERIA - MAIN LIBRARY 10/14/2025   K 891 .M37 2023 0199276 10/14/2025 10/14/2025 Books
    Library of Congress Classification     NILE UNIVERSITY OF NIGERIA - MAIN LIBRARY NILE UNIVERSITY OF NIGERIA - MAIN LIBRARY 10/14/2025   K 891 .M37 2023 0199305 10/14/2025 10/14/2025 Books